Statistics for Lord of The Rings Trivia (Benni)

Click here to take the quiz!

General Stats

  • This quiz has been taken 197 times
    (159 since last reset)
  • The average score is 11 of 18

Answer Stats

Question Answer % Correct
What is Durins Bane?Balrog
94%
Gimli son of...Gloin
90%
Aragorn son of...Arathorn
87%
Who is the second ring bearer?Isildur
80%
Who is King Théoden's son?Théodred
78%
Who are known as The Fell riders?The Nazgul
77%
What is the name of Aragorns sword in Elvish?Anduril
67%
What weapon can turn its victim into a wraith?Morgul Blade
66%
What's taters precious?POTATOES
65%
Who is the first Uruk-Hai ever mad?Lurtz
64%
Another name for The Five Wizards?Istari
56%
Who is the Windlord?Gwaihir
54%
What is the name of Aragorns sword in English?Flame of the West
50%
Giant Elephants?Mumakil
49%
Sauron, Gandalf, Sauron and Durins Bane are all what race?Maiar
44%
How are Frodo and Bilbo related?Cousins
39%
Who crafted the Rings of Power?Celebrimbor
35%
I would cut off your head dwarf...If it stood a little higher from the ground
13%

Score Distribution

Percentile by Number Answered

Percent of People with Each Score

Your Score History

You have not taken this quiz since the last reset